Breve historia del cuento mexicano /

Nacido en 1907 en Linares, el neoleonés Luis Leal se ha dedicado a la enseñanza e investigación de la literatura mexicana e hispanoamericana en universidades mexicanas y norteamericanas, con una especial predilección hacia el género del cuento, como prueban Sus mejores cuentos (1951), antología de A...

Descripción completa

Guardado en:
Detalles Bibliográficos
Autor principal: Leal, Luis (autor)
Formato: Libro
Idioma:Español
Publicado: México : Andrea, 1956, c1956
Colección:(Manuales Studium ; 2)
Temas:
Etiquetas: Agrega una etiqueta
Sin etiquetas, Sé el primero en etiquetar este registro!

MARC

LEADER 00000nam^a2200000^a^4500
001 000269262
005 20250521000000.0
009 20260310110919.889
037 |a Acervo Xavier Clavigero 
041 |a ESP 
082 |a 860. 972  |b LEA V. 1 
100 |a Leal, Luis  |e (autor) 
240 1 1 |a [Breve historia del cuento mexicano] 
245 1 0 |a Breve historia del cuento mexicano /  |c L. Leal. 
264 4 |a México :  |b Andrea,  |c 1956, c1956 
300 |a 166 p. 
336 |a texto  |b txt  |2 rdacontenido 
337 |a sin mediación  |b n  |2 rdamedio 
338 |a volumen  |b nc  |2 rdasoporte 
440 1 |a (Manuales Studium ;  |v 2) 
520 |a Nacido en 1907 en Linares, el neoleonés Luis Leal se ha dedicado a la enseñanza e investigación de la literatura mexicana e hispanoamericana en universidades mexicanas y norteamericanas, con una especial predilección hacia el género del cuento, como prueban Sus mejores cuentos (1951), antología de Amado Nervo; Breve historia del cuento mexicano (1956); Antología del cuento mexicano (1957); Bibliografía del cuento mexicano (1958); su contribución a La Revolución y las letras (1960), ensayo escrito en colaboración con Edmundo Valadés; Historia del cuento hispanoamericano (1966) y las antologías El cuento veracruzano (1966) y El cuento mexicano de los orígenes al modernismo (1966). Leal, quien es también autor de Mariano Azuela: vida y obra (1961), se propone en esta historia dar un sucinto repaso del desarrollo del cuento mexicana, desde los relatos indígenas hasta el cultivo de este género por los narradores nacionales de mediados del siglo XX. 
649 |a XX 
650 |a Cuentos Mexicanos -  |x Historia y Crítica 
650 |a Literatura Mexicana -  |y Siglo XX 
650 |a Literatura Mexicana -  |x Historia y Crítica 
910 |a Fondo General 
920 |a Impresos - Libros 
930 |a Colección General 
940 |a Literatura 
905 |a 101 
901 |a 048535  |b IT1  |c LIT  |u 20250521 
902 |a https://opac.biblio.iteso.mx/vufind/Record/000269262